Novos contos das mil e uma noites (Registo nº 3697)

Detalhes MARC
000 -Etiqueta do registo
Cabeçalho 00815nam0a2200277 4500
005 - Identificador da versão
Campo de controlo 20240813122040.0
095 ## -
-- PTBN00595620
010 ## - Número internacional normalizado dos livros (ISBN)
Número (ISBN) 972411418X
021 ## - Número do Depósito Legal
Código do país PT
Número 72054/93
100 ## - Dados gerais de processamento
Dados gerais de processamento 20170504d1994 a y0pory5003 ba
102 ## - Pais de publicação ou produção
País de publicação Portugal
101 1# - Língua de publicação
Língua do texto, banda sonora, etc. Português
Língua do documento no original Árabe
215 ## - Descrição física 
Indicação específica da natureza do documento e extensão da espécie 48 p.
Outras indicações físicas todo il. color
200 1# - Titulo e menção de responsabilidade
Título próprio Novos contos das mil e uma noites
Primeira menção de responsabilidade adapt. Jorge Magalhães
Outras menções de responsabilidade des. Catherine Labey
225 1# - Colecção 
Título próprio da colecção Histórias maravilhosas em BD
205 ## - Menção da edição
Menção da edição 1ª ed
210 ## - Publicação, Distribuição, etc. 
Lugar da edição, distribuição, etc. Porto
Nome do editor, distribuidor, etc. Asa
Data da publicação, distribuição, etc. 1994
606 ## - Nome comum usado como assunto
Número de registo de entrada de autoridade 0001779
Palavra de ordem Literatura portuguesa
Subdivisão de assunto Banda desenhada
Código do sistema CA
675 ## - Classificação Decimal Universal (CDU)
Notação 821.134.3(084.11)
Edição 3ª ed.
Língua da edição por
702 #1 - Nome de autor-pessoa física (responsabilidade secundária)
Número de registo de entrada de autoridade 0000062
Palavra de ordem Magalhães
Outra parte do nome não tomada para palavra de ordem Jorge
Código de função Adaptador
Número de registo de entrada de autoridade 0000063
Palavra de ordem Labey
Outra parte do nome não tomada para palavra de ordem Catherine
Código de função Ilustrador / Técnico de desenho computorizado
966 ## - Identificação da Biblioteca
Sigla EBVEN
942 ## - Elementos de entrada adicionados (Koha)
Tipo de item no Koha Livro
Exemplares
Situação do levantamento Origin of item (home branch) (coded) Biblioteca de empréstimo Código de barras Cota Circulation type (not for loan) Tipo de documento Nota do exemplar Damaged status
  Biblioteca Escolar das Vendas Biblioteca Escolar das Vendas BEV570 8BD MAG   Livro Sem mensagem